Responses for Show #2876 - Monday, February 17, 1997

Grace Veach game 1.

Contestants

[<< previous game]

Grace Veach, a librarian from Decatur, Illinois

Steve McManus, a systems administrator from Columbia, South Carolina

Joyce Sturgill, a remedial English teacher from Fort Pierce, Florida (whose 1-day cash winnings total $7,001)

[next game >>]

Jeopardy! Round responses

PRESIDENTS' BIRTHDAYS
NATURE
TELEVISION
U.S. STATES
CROSSES
ALL "AMERICAN"
    $100 4
Plains

Joyce
    $100 1
ostrich

Grace
    $100 9
Bill Cosby

Grace
    $100 10
Missouri

Joyce
    $100 15
Switzerland

Grace
    $100 24
American Beauty

Triple Stumper
    $200 5
Virginia

Joyce
    $200 2
raccoon

Grace
    $200 18
Gilligan's Island

Grace
    $200 11
Michigan

Joyce
    $200 16
tic-tac-toe

Grace
    $200 25
(Alex: And we have a minute left.)

American Bar Association

Joyce
    $300 6
Grover Cleveland

Grace
    $300 3
Madagascar

Steve
    $300 21
(Steve: Who is Arthur.....?)

Arthur Godfrey

JoyceSteve
    $500 12
(Joyce: What is Kentucky?)

Indiana

Joyce
    $300 17
Jesus

Joyce
    $300 26
"American Gothic"

Steve
    $400 27
Benjamin Harrison

Steve
    $400 7
eagle

Joyce
    $400 22
The Alan Brady Show

Triple Stumper
    $400 13
(Steve: What is Texas?)

Nevada

Steve
Triple Stumper
    $400 19
(Joyce: What is division?)

multiplication

JoyceGrace
    $400 29
An American in Paris

Grace
    $500 28
Herbert Hoover

Grace
    $500 8
(Steve: What is a camel?)
(Joyce: What is a panda?)

sheep

JoyceSteve
Triple Stumper
    $500 23
Wolfgang

Triple Stumper
    $500 14
(Joyce: What is New Mexico?)

Idaho

JoyceGrace
    $500 20
ankh

Grace
    $500 30
(Joyce: What is "American Cousin?")

Our American Cousin

JoyceGrace

Scores at the first commercial break (after clue 13):

Joyce Steve Grace
$0 -$600 $700

Scores at the end of the Jeopardy! Round:

Joyce Steve Grace
-$600 -$200 $4,000

Double Jeopardy! Round responses

CANADA
NUTRITION
POP-ROCK
HISTORY
AUTHORS & THEIR WORKS
FASHION
    $200 19
July 1

Steve
    $200 5
microwave oven

Grace
    $200 11
"Killing Me Softly"

Grace
    $200 2
Julius Caesar

Grace
    $200 1
Ernest Hemingway

Steve
    $200 3
collar

Steve
    $400 20
Vancouver Island

Grace
    $400 6
garlic

Joyce
    $400 12
Journey

Steve
    $400 4
Catherine the Great

Grace
    $400 7
Robert Louis Stevenson

Grace
    $400 27
kid

Joyce
    $600 21
Prince Edward Island

Grace
    $600 8
selenium

Joyce
    $600 24
Fleetwood Mac

Grace
    $600 13
Hannibal

Grace
    $600 16
William Makepeace Thackeray

Steve
    $600 28
black

Joyce
    $600 22
(Alex: And we have a minute left in the round, Grace.)

Jean Chretien

Grace
    $800 9
B vitamin

Grace
    $800 25
Tracy Chapman

Steve
    $800 14
Constantine

Steve
    $800 17
Edith Sitwell

Joyce
    $800 29
bouffant

Triple Stumper
    $1000 23
(Joyce: What is the Yukon Territory?)

Northwest Territories

JoyceSteve
    $500 10
(Grace: What is Riboflavin?)

carotene

Grace
    $1000 26
Natalie Merchant

Grace
    $1000 15
(Steve: What is Venezuela?)

Colombia

JoyceSteve
    $1000 18
Katherine Anne Porter

Joyce
    $1000 30
Giorgio Armani

Triple Stumper

Scores at the end of the Double Jeopardy! Round:

Joyce Steve Grace
$3,200 $3,000 $9,500
(lock game)

[wagering suggestions for these scores]

Final Jeopardy! Round responses

FAMOUS FAMILIES
SteveWho are the O'Leary's?
$2,995
JoyceWho are the Dal...?
$3,001
GraceWho were the O'Leary's
$1,000
The O'Learys

Final scores:

Joyce Steve Grace
$199 $5,995 $10,500
3rd place: Swintec Fax Machine 2nd place: a trip to Washington, D.C. New champion: $10,500

Game dynamics:

Coryat scores:

Joyce Steve Grace
$3,700 $3,000 $10,200
15 R,
6 W
(including 1 DD)
11 R,
4 W
25 R
(including 1 DD),
1 W
(including 1 DD)

Combined Coryat: $16,900

[game clues] [game scores] [suggest correction]

Game tape date: 1996-11-14
The J! Archive is created by fans, for fans. Scraping, republication, monetization, and malicious use prohibited; this site may use cookies and collect identifying information. See terms. The Jeopardy! game show and all elements thereof, including but not limited to copyright and trademark thereto, are the property of Jeopardy Productions, Inc. and are protected under law. This website is not affiliated with, sponsored by, or operated by Jeopardy Productions, Inc. Join the discussion at JBoard.tv.